000
00332nam a2200145Ia 4500
008
230718s9999 xx 000 0 und d
041
_a
Eng.
082
_a
343.54
_b
HAN-D
100
_a
Hand Book/Pakistan
245
0
_a
drawing distributing
260
_a
Pakistan
_b
books pub
_c
2000
300
_a
526
650
_a
Law
999
_c
30379
_d
30379